00217nam a2200085Ia 4500008004100000020001800041050001200059050001500071245004500086160319s9999 xx 000 0 und d a9789715425360 a398.209 b.P552 2007 aPhilippine Folk Literature: An Anthology